=LDR 00000nam 2200000 4500 =001 INLIS00000000000091 =005 20260702043538 =020 ##$$a 978-623-8397-16-7 =082 ##$$a 006.584 =100 1#$$a Osaka, Sabrina =245 1 $$a Seandainya Kesalahanku Adalah Uang, Maka Aku Sudah Menjadi Miliarder : Keajaiban Dari Sikap Memaafkan /$c Sabrina Osaka =300 ##$$a 80 ; 12 x 18